| 000 | 00617nam a2200229Ia 4500 | ||
|---|---|---|---|
| 001 | 4184 | ||
| 003 | GE_BSU | ||
| 008 | 181216s||||||||xx |||||||||||||| ||und|| | ||
| 040 | _cGE_BSU | ||
| 080 | _a621.87(075.32) | ||
| 100 | _aДудоладов,Ю.А. Саттаров,Т.Х. | ||
| 245 | _aКраны-трубоукладчики. | ||
| 245 | _bУчеб. | ||
| 250 | _a4-е изд. перераб. и. доп. | ||
| 260 | _aМ. | ||
| 260 | _bВысш. шк. | ||
| 260 | _c1986. | ||
| 300 | _a264 стр. 22 см. | ||
| 300 | _eтабл. | ||
| 653 | _aКраны-трубоукладчики. | ||
| 942 | _cBK | ||
| 999 |
_c38194 _d38194 |
||